Slovak banking sector after change of ownerships

Saved in:
Bibliographic Details
Main Author: Tkáčová, Daniela, 1954-
Other Authors: Fifeková, Elena
Format: Book Chapter
Language:English
Tags: Add Tag
No Tags, Be the first to tag this record!

MARC

LEADER 00000naa$a2200000$$$4500
001 0061189
005 20240502083146.8
041 0 |a eng 
044 |a CZ 
245 1 0 |a Slovak banking sector after change of ownerships  |c Dana Tkáčová, Elena Fifeková 
100 1 |a Tkáčová, Daniela, 1954- 
700 1 |a Fifeková, Elena